[Event "Challenge"]
[Site "http://www.queenalice.com/game.php?id=592659"]
[Date "2009.5.23"]
[Round "-"]
[White "gfxman"]
[Black "deniselefeber"]
[Result "1-0"]
[WhiteElo "1725"]
[BlackElo "1137"]

1. e4 Nc6 2. Nc3 Nf6 3. Nf3 e6 4. g3 d6 5. Bb5 Qd7 6. d4 a5 7. O-O h5 8. d5 e5
9. dxc6 Qe6 10. cxb7+ Ke7 11. bxa8=Q Bd7 12. Ng5 g6 13. Nxe6 Kxe6 14. Bxd7+ Kxd7
15. Qxa5 c6 16. Qa8 c5 17. Nd5 Nxe4 18. Nb6+ Ke6 19. Qxe4 g5 20. Qed5+ Kf5 21.
Qxf7+ Ke4 22. Qfd5+ Kf5 23. Q1f3+ Kg6 24. Qff7+ Kh6 25. Qde6# 1-0

[Event "Challenge"]
[Site "http://www.queenalice.com/game.php?id=622084"]
[Date "2009.7.20"]
[Round "-"]
[White "Don_Vito"]
[Black "deniselefeber"]
[Result "1-0"]
[WhiteElo "1806"]
[BlackElo "1182"]

1. e4 Nc6 2. d4 Nf6 3. Nc3 Nxe4 4. Nxe4 d5 5. Nc3 e6 6. Nf3 f6 7. Bb5 a5 8. O-O
Bd6 9. Be3 Rf8 10. Re1 Qd7 11. Qd3 Rf7 12. Qxh7 Ke7 13. Bd2 f5 14. Nxd5+ Ke8 15.
Ng5 Rf8 16. Nxe6 Rf7 17. Nc5+ Re7 18. Qg8# 1-0

[Event "Challenge"]
[Site "http://www.queenalice.com/game.php?id=636256"]
[Date "2009.8.14"]
[Round "-"]
[White "marcosata"]
[Black "deniselefeber"]
[Result "1-0"]
[WhiteElo "1322"]
[BlackElo "1173"]

1. d4 Nc6 2. Nf3 Nf6 3. Nc3 h5 4. e4 a5 5. d5 Nb4 6. Bc4 e6 7. O-O d6 8. Bg5 Be7
9. a3 Kf8 10. axb4 b6 11. Nb5 a4 12. Re1 Qd7 13. c3 g6 14. Rxa4 Rxa4 15. Qxa4
Kg7 16. Qd1 e5 17. Na3 Kf8 18. Bb5 c6 19. dxc6 Qd8 20. Nc4 Kg8 21. Bxf6 Rh7 22.
Bxe7 Qxe7 23. Nxd6 Be6 24. Nxe5 Qf6 25. Nf3 Qe7 26. Qd4 f6 27. Rd1 Kg7 28. Ng5
Kh6 29. Nxe6 Qxe6 30. Qe3+ g5 31. Qxb6 Rg7 32. c7 g4 33. c8=Q Qxc8 34. Nxc8 h4
35. Qxf6+ 1-0

[Event "Challenge"]
[Site "http://www.queenalice.com/game.php?id=638342"]
[Date "2009.8.18"]
[Round "-"]
[White "Vladimir"]
[Black "deniselefeber"]
[Result "1-0"]
[WhiteElo "1366"]
[BlackElo "1182"]

1. d4 Nc6 2. e4 Nf6 3. Nc3 a5 4. Nf3 h5 5. Bc4 e6 6. Bg5 d6 7. e5 dxe5 8. dxe5
Qd7 9. exf6 Qxd1+ 10. Rxd1 Bd7 11. Nb5 Be7 12. fxe7 f6 13. Nxc7+ Kf7 14. Nxa8
Kxe7 15. Bxf6+ Kxf6 16. Rxd7 Kg6 17. Nc7 b6 18. Nxe6 Rg8 19. Nf8+ Rxf8 20. O-O
Kh6 21. Re1 Rf6 22. Bd3 a4 23. Re8 Rg6 24. Rh8# 1-0

[Event "Prof_Odair x deniselefeber"]
[Site "http://www.queenalice.com/game.php?id=652117"]
[Date "2009.9.14"]
[Round "-"]
[White "Prof_Odair"]
[Black "deniselefeber"]
[Result "1-0"]
[WhiteElo "1500"]
[BlackElo "1158"]

1. e4 Nf6 2. Nc3 e5 3. Nf3 d6 4. d4 Nc6 5. Bb5 Qd7 6. d5 Nb4 7. Bxd7+ Bxd7 8. a3
Na6 9. O-O Rd8 10. Bg5 Ra8 11. Bxf6 c5 12. Bh4 g6 13. Ng5 h5 14. Qf3 Kd8 15.
Nxf7+ Kc7 16. Nxh8 b6 17. Nxg6 Bg7 18. Qxh5 Rc8 19. f4 Re8 20. fxe5 dxe5 21. Rf7
Kd6 22. Rxg7 Rd8 23. Bxd8 1-0

[Event "Challenge"]
[Site "http://www.queenalice.com/game.php?id=663433"]
[Date "2009.10.6"]
[Round "-"]
[White "deniselefeber"]
[Black "Vladimir"]
[Result "0-1"]
[WhiteElo "1160"]
[BlackElo "1546"]

1. Nf3 d5 2. d4 Nf6 3. Nc3 Nc6 4. e3 Bg4 5. Nxd5 Qxd5 6. Qe2 e5 7. Bd2 e4 8. Rg1
exf3 9. Qd3 Bd6 10. Rh1 fxg2 11. Rg1 Bf3 12. Bxg2 Bxg2 13. a4 Bxh2 14. Rxg2 Qxg2
15. Kd1 Rd8 16. Qe2 O-O 17. c3 Ne4 18. Be1 Ne5 19. b3 Nf3 20. Kc1 Nxe1 21. Qxe1
Nxf2 22. a5 Nd3+ 23. Kd1 Qc2+ 24. Kxc2 Nxe1+ 25. Rxe1 Rfe8 26. Rd1 Rxe3 0-1

[Event "Challenge"]
[Site "http://www.queenalice.com/game.php?id=666458"]
[Date "2009.10.12"]
[Round "-"]
[White "deniselefeber"]
[Black "peambrosio"]
[Result "0-1"]
[WhiteElo "1141"]
[BlackElo "1337"]

1. e4 Nf6 2. e5 Ne4 3. f4 c6 4. d4 d5 5. b4 b5 6. Qd3 g6 7. Nf3 Bg4 8. Ng5 f6 9.
h4 fxe5 10. dxe5 h6 11. Ne6 Bxe6 12. Be2 h5 13. a3 Na6 14. Qe3 Rg8 15. Rh3 g5
16. hxg5 Rh8 17. Bf3 Qd7 18. Rh1 h4 19. g6 Ng3 20. Rh3 Ne4 21. Bg4 Bxg4 22. Rh1
Qe6 23. Rf1 h3 24. Rg1 h2 25. Rh1 Rc8 26. Bb2 Qxg6 27. Bd4 Rc7 28. Rxh2 Rxh2 29.
Qg1 Qh6 30. Qe3 Rh1+ 31. Qg1 Rxg1+ 0-1

[Event "deniselfeber"]
[Site "http://www.queenalice.com/game.php?id=673237"]
[Date "2009.10.27"]
[Round "-"]
[White "foda"]
[Black "deniselefeber"]
[Result "1-0"]
[WhiteElo "1319"]
[BlackElo "1152"]

1. e4 e5 2. Bc4 Ke7 3. Qf3 Qe8 4. d3 Kd8 5. Bxf7 Qe7 6. Nh3 d6 7. Bg5 Qxg5 8.
Nxg5 Kd7 9. Qf5+ Kc6 10. Qxc8 Kb5 11. Qxf8 h5 12. c4+ Kc6 13. Bd5+ Kb6 14. Qxg7
Ne7 15. Qxh8 a5 16. Qe8 Ka6 17. Qxe7 Nd7 18. Qxd7 a4 19. Qxc7 1-0

[Event "Challenge"]
[Site "http://www.queenalice.com/game.php?id=674660"]
[Date "2009.10.29"]
[Round "-"]
[White "Lendario"]
[Black "deniselefeber"]
[Result "0-1"]
[WhiteElo "1638"]
[BlackElo "1146"]

1. e4 Nc6 2. d4 Nf6 3. Nc3 e6 4. e5 Ng4 5. Qxg4 Ne7 6. Nf3 d5 7. Qf4 Kd7 8. Qxf7
g6 9. Ng5 Bh6 10. Nxe6 Kc6 11. Nxd8+ Kb6 12. Bxh6 c6 13. Qxe7 Rb8 14. Qb4+ Kc7
15. Bg5 Bf5 16. O-O-O Re8 17. Ne2 h5 18. Nc3 Rexd8 19. Bxd8+ Rxd8 20. Qe7+ Rd7
21. Qb4 h4 22. Re1 g5 0-1

[Event "Challenge"]
[Site "http://www.queenalice.com/game.php?id=686972"]
[Date "2009.11.22"]
[Round "-"]
[White "deniselefeber"]
[Black "FENIX_RJ"]
[Result "0-1"]
[WhiteElo "1143"]
[BlackElo "1531"]

1. e4 e5 2. Nc3 c6 3. d3 Nf6 4. f3 d5 5. Nxd5 cxd5 6. exd5 Nxd5 7. c4 Nf4 8. a4
Bb4+ 9. Bd2 Qe7 10. g3 Nh3 11. Bxb4 Qxb4+ 12. Ke2 Qxb2+ 13. Qd2 Qxa1 14. Nxh3
Nc6 15. Ng5 Nd4+ 16. Kf2 Nb3 17. Qc2 Qd4+ 18. Kg2 Qb6 19. Qc3 f6 20. Ne4 Nd4 21.
Nf2 Qc6 22. Ne4 f5 23. Ng5 h6 24. Kh3 hxg5+ 25. Kg2 Qxf3+ 0-1

[Event "Challenge"]
[Site "http://www.queenalice.com/game.php?id=689341"]
[Date "2009.11.27"]
[Round "-"]
[White "deniselefeber"]
[Black "paulofreitas"]
[Result "0-1"]
[WhiteElo "1154"]
[BlackElo "1709"]

1. d4 c6 2. e4 d5 3. e5 f6 4. f4 Bf5 5. h4 e6 6. Nc3 Bb4 7. Bd2 a5 8. Rh2 c5 9.
dxc5 Bxc5 10. Rh1 Nc6 11. Be2 Nd4 12. Na4 Qc8 13. Qc1 Nxc2+ 14. Kf1 Nxa1 15. Rh2
Bd4 16. Rh1 Nc2 17. g3 Nb4 18. a3 Qxc1+ 19. Kg2 Qxd2 20. h5 Qe3 0-1

[Event "Challenge"]
[Site "http://www.queenalice.com/game.php?id=698616"]
[Date "2009.12.15"]
[Round "-"]
[White "bruhno"]
[Black "deniselefeber"]
[Result "0-1"]
[WhiteElo "1290"]
[BlackElo "1176"]

1. e4 e5 2. Qh5 Qe7 3. Nf3 d6 4. Ng1 Nf6 5. Qf3 c5 6. Bb5+ Bd7 7. Bxd7+ Kxd7 8.
Nc3 c4 9. Nd5 Qd8 10. Nb4 a5 11. Nd5 Nxd5 12. exd5 f6 13. b3 cxb3 14. axb3 g6
15. Nh3 Nc6 0-1

[Event "Challenge"]
[Site "http://www.queenalice.com/game.php?id=699940"]
[Date "2009.12.18"]
[Round "-"]
[White "Tersio"]
[Black "deniselefeber"]
[Result "1-0"]
[WhiteElo "1361"]
[BlackElo "1141"]

1. d4 d5 2. c4 dxc4 3. Nf3 b5 4. e4 Nf6 5. Qc2 Bg4 6. Be2 Nc6 7. Be3 h5 8. a3 a5
9. O-O Nb4 10. axb4 axb4 11. Rxa8 Qxa8 12. e5 Nd5 13. Nbd2 Nxe3 14. fxe3 Bxf3
15. Bxf3 Qa2 16. Bc6+ Kd8 17. Bxb5 e6 18. Bxc4 Kd7 19. Nb3 Be7 20. Nc5+ Ke8 21.
Bxa2 Rh6 22. Ne4 Kf8 23. Qxc7 Kg8 24. Qxe7 Kh7 25. Bb1 Kg6 26. Qxf7+ 1-0

[Event "Let's Play Chess!"]
[Site "http://www.queenalice.com/game.php?id=762765"]
[Date "2010.4.19"]
[Round "-"]
[White "magalhaes_br"]
[Black "deniselefeber"]
[Result "1-0"]
[WhiteElo "1293"]
[BlackElo "1241"]

1. e4 Nc6 2. Nc3 Ne5 3. Nge2 c6 4. Ng3 e6 5. d4 Nc4 6. Bxc4 Ke7 7. O-O d6 8. d5
Nf6 9. Bf4 Ke8 10. Qf3 g6 11. b3 Qe7 12. Nce2 a5 13. a4 b6 14. Nd4 Bb7 15. c3
1-0